載入...

കേരള ജൂത ജീവിതശൈലി മ്യൂസിയം - ചേന്ദമംഗലം ജൂതപ്പള്ളി /

書目詳細資料
主要作者: പ്രസാദ്, ബി
其他作者: Prasad, B, Venkiteswaran, C S (transilator.)
格式: Printed Book
語言:English
出版: തിരുവനന്തപുരം : 2015.
版:1st ed.
主題:
LEADER 00955nam a22002177a 4500
008 181017b xxu||||| |||| 00| 0 eng d
999 |c 24861  |d 24861 
020 |a 9788184943924 
082 |a W 069  |b PRA 
100 |a പ്രസാദ്, ബി 
240 |a Kerala jutha jeevitha shaili museum - chenthamangalam juthapalli 
245 |a കേരള ജൂത ജീവിതശൈലി മ്യൂസിയം - ചേന്ദമംഗലം ജൂതപ്പള്ളി /  |c സി. എസ്. വെങ്കിടേശ്വരന്‍ 
250 |a 1st ed. 
260 |a തിരുവനന്തപുരം :  |c 2015. 
300 |a 55p. 
650 |a Heritage 
650 |a Museum 
700 |a Prasad, B 
700 |a Venkiteswaran, C S  |e transilator. 
942 |2 ddc  |c BK 
952 |0 0  |1 0  |2 ddc  |4 0  |5 1  |6 W_069_000000000000000_PRA  |7 0  |9 34028  |a MAIN  |b MAIN  |d 2018-10-17  |e Gift (Prof. Raghava Warrier)  |g 200.00  |o W 069 PRA  |p 33128  |r 2018-10-17  |t 1  |w 2018-10-17  |y REF